[Event "50+ World Senior Team Championship"]
[Site "chess24.com"]
[Date "2017.04.27"]
[Round "4"]
[White "Ernst, Michael"]
[Black "Zilberman, Yaacov"]
[Result "0-1"]
[Board "4"]
[WhiteElo "2141"]
[WhiteCountry "AUT"]
[WhiteFideId "1618393"]
[WhiteEloChange "-3"]
[BlackElo "2430"]
[BlackTitle "GM"]
[BlackCountry "ISR"]
[BlackFideId "2801612"]
[BlackEloChange "2"]

1. d4 {[%clk 1:30:31]} d6 {[%clk 1:29:51]} 2. e4 {[%clk 1:29:57]} g6 {[%clk
1:30:11]} 3. c3 {[%clk 1:29:51]} Bg7 {[%clk 1:29:48]} 4. Nf3 {[%clk 1:29:40]} Nf6
{[%clk 1:29:52]} 5. Bd3 {[%clk 1:30:05]} O-O {[%clk 1:30:02]} 6. O-O {[%clk
1:30:15]} Bg4 {[%clk 1:27:33]} 7. Nbd2 {[%clk 1:28:23]} c5 {[%clk 1:22:39]} 8. h3
{[%clk 1:28:03]} Bxf3 {[%clk 1:22:29]} 9. Nxf3 {[%clk 1:28:25]} cxd4 {[%clk
1:21:33]} 10. cxd4 {[%clk 1:25:10]} Nc6 {[%clk 1:18:12]} 11. Qb3 {[%clk 1:19:41]}
Nd7 {[%clk 1:12:22]} 12. Be3 {[%clk 1:17:56]} Qb6 {[%clk 1:10:09]} 13. Qxb6
{[%clk 1:16:05]} Nxb6 {[%clk 1:10:10]} 14. Rac1 {[%clk 1:15:39]} Rfc8 {[%clk
1:07:29]} 15. b3 {[%clk 1:10:52]} d5 {[%clk 1:02:22]} 16. Rc5 {[%clk 1:06:21]} e6
{[%clk 1:00:21]} 17. Bb1 {[%clk 1:02:48]} a6 {[%clk 0:56:19]} 18. e5 {[%clk
0:54:51]} Bf8 {[%clk 0:53:55]} 19. Rc2 {[%clk 0:52:35]} Rc7 {[%clk 0:52:26]} 20.
Bc1 {[%clk 0:50:28]} Rac8 {[%clk 0:52:38]} 21. Bb2 {[%clk 0:50:10]} Nxe5 {[%clk
0:52:18]} 22. Rxc7 {[%clk 0:48:27]} Nxf3+ {[%clk 0:51:18]} 23. gxf3 {[%clk
0:48:55]} Rxc7 {[%clk 0:51:37]} 24. Rc1 {[%clk 0:48:22]} Rxc1+ {[%clk 0:51:45]}
25. Bxc1 {[%clk 0:48:51]} Bg7 {[%clk 0:51:30]} 26. Bb2 {[%clk 0:42:03]} Nc8
{[%clk 0:50:13]} 27. Kf1 {[%clk 0:42:16]} Ne7 {[%clk 0:50:10]} 28. Ke2 {[%clk
0:42:27]} Kf8 {[%clk 0:49:12]} 29. Kd3 {[%clk 0:39:57]} Nf5 {[%clk 0:47:45]} 30.
Bc2 {[%clk 0:38:38]} Ke7 {[%clk 0:46:30]} 31. Bd1 {[%clk 0:31:23]} Bf6 {[%clk
0:41:54]} 32. Bc3 {[%clk 0:27:21]} Kd7 {[%clk 0:40:46]} 33. Be2 {[%clk 0:26:35]}
Kc6 {[%clk 0:39:24]} 34. Bd1 {[%clk 0:26:14]} b5 {[%clk 0:36:05]} 35. Bc2 {[%clk
0:22:21]} Kb6 {[%clk 0:27:48]} 36. Bd1 {[%clk 0:20:32]} a5 {[%clk 0:26:00]} 37.
a3 {[%clk 0:18:54]} Be7 {[%clk 0:25:02]} 38. Bb2 {[%clk 0:18:53]} Bg5 {[%clk
0:24:13]} 39. Bc2 {[%clk 0:18:06]} b4 {[%clk 0:23:45]} 40. axb4 {[%clk 0:47:29]}
axb4 {[%clk 0:54:10]} 41. Bd1 {[%clk 0:47:47]} Kc6 {[%clk 0:53:41]} 42. Ba1
{[%clk 0:45:48]} Kd7 {[%clk 0:52:36]} 43. Bb2 {[%clk 0:45:56]} Ke7 {[%clk
0:52:39]} 44. Ke2 {[%clk 0:40:01]} Kf6 {[%clk 0:48:10]} 45. Ke1 {[%clk 0:39:13]}
Bf4 {[%clk 0:47:09]} 46. Be2 {[%clk 0:39:22]} Kg5 {[%clk 0:46:54]} 47. Bb5 {[%clk
0:39:00]} Kh4 {[%clk 0:46:00]} 48. Bf1 {[%clk 0:37:14]} h6 {[%clk 0:44:29]} 49.
Kd1 {[%clk 0:37:03]} Nd6 {[%clk 0:44:10]} 50. Kc2 {[%clk 0:34:16]} Ne8 {[%clk
0:37:58]} 51. Bc1 {[%clk 0:33:12]} Bxc1 {[%clk 0:38:11]} 52. Kxc1 {[%clk
0:33:41]} Kg5 {[%clk 0:38:29]} 53. Kd2 {[%clk 0:33:51]} Kf4 {[%clk 0:38:49]} 54.
Bb5 {[%clk 0:33:35]} Nd6 {[%clk 0:39:12]} 55. Be2 {[%clk 0:33:51]} g5 {[%clk
0:39:22]} 56. Bd1 {[%clk 0:33:36]} Nf5 {[%clk 0:39:40]} 57. Kd3 {[%clk 0:34:04]}
Nh4 {[%clk 0:39:40]} 0-1

[Event "50+ World Senior Team Championship"]
[Site "chess24.com"]
[Date "2017.04.27"]
[Round "4"]
[White "Kantsler, Boris"]
[Black "Strutinskaia, Galina"]
[Result "1/2-1/2"]
[Board "1"]
[WhiteElo "2436"]
[WhiteTitle "GM"]
[WhiteCountry "ISR"]
[WhiteFideId "2805359"]
[WhiteEloChange "-2"]
[BlackElo "2293"]
[BlackTitle "WGM"]
[BlackCountry "RUS"]
[BlackFideId "4108558"]
[BlackEloChange "4"]

1. e4 {[%clk 1:30:57]} c5 {[%clk 1:30:54]} 2. Nc3 {[%clk 1:31:23]} a6 {[%clk
1:30:31]} 3. Nf3 {[%clk 1:30:36]} d6 {[%clk 1:30:32]} 4. d4 {[%clk 1:30:45]} cxd4
{[%clk 1:30:54]} 5. Nxd4 {[%clk 1:31:10]} e5 {[%clk 1:30:10]} 6. Nde2 {[%clk
1:30:50]} f5 {[%clk 1:29:55]} 7. exf5 {[%clk 1:24:47]} Bxf5 {[%clk 1:30:04]} 8.
Ng3 {[%clk 1:19:19]} Be6 {[%clk 1:30:00]} 9. Nge4 {[%clk 1:18:19]} Be7 {[%clk
1:27:36]} 10. Ng5 {[%clk 1:11:14]} Bxg5 {[%clk 1:26:58]} 11. Qh5+ {[%clk
1:11:38]} Bf7 {[%clk 1:25:53]} 12. Qxg5 {[%clk 1:11:13]} Qxg5 {[%clk 1:25:45]}
13. Bxg5 {[%clk 1:11:41]} h6 {[%clk 1:25:16]} 14. Bh4 {[%clk 0:53:55]} Ne7 {[%clk
1:12:27]} 15. O-O-O {[%clk 0:43:57]} Nf5 {[%clk 1:12:38]} 16. Bg3 {[%clk
0:44:23]} Nc6 {[%clk 1:12:28]} 17. f4 {[%clk 0:36:40]} O-O-O {[%clk 1:07:54]} 18.
Bd3 {[%clk 0:36:43]} Nxg3 {[%clk 1:08:03]} 19. hxg3 {[%clk 0:37:12]} d5 {[%clk
1:04:04]} 20. fxe5 {[%clk 0:37:12]} Nxe5 {[%clk 1:04:04]} 21. Bf5+ {[%clk
0:31:56]} Kc7 {[%clk 1:03:44]} 22. Ne2 {[%clk 0:30:37]} Rhe8 {[%clk 1:02:16]} 23.
Nd4 {[%clk 0:25:09]} Nc4 {[%clk 1:02:08]} 24. Rdf1 {[%clk 0:20:58]} Re7 {[%clk
1:01:26]} 25. Bd3 {[%clk 0:16:12]} Nd6 {[%clk 1:01:46]} 26. b3 {[%clk 0:10:59]}
Rde8 {[%clk 0:56:18]} 27. Kd2 {[%clk 0:09:58]} Re5 {[%clk 0:55:57]} 28. Rf4
{[%clk 0:09:22]} R8e7 {[%clk 0:55:17]} 29. Rhf1 {[%clk 0:07:55]} Be8 {[%clk
0:53:44]} 30. Rf8 {[%clk 0:06:06]} Bd7 {[%clk 0:53:44]} 1/2-1/2

[Event "50+ World Senior Team Championship"]
[Site "chess24.com"]
[Date "2017.04.27"]
[Round "4"]
[White "Bogumil, Tatiana"]
[Black "Gruenfeld, Yehuda"]
[Result "0-1"]
[Board "2"]
[WhiteElo "2173"]
[WhiteTitle "WGM"]
[WhiteCountry "RUS"]
[WhiteFideId "4110579"]
[WhiteEloChange "-4"]
[BlackElo "2410"]
[BlackTitle "GM"]
[BlackCountry "ISR"]
[BlackFideId "2800020"]
[BlackEloChange "2"]

1. Nf3 {[%clk 1:30:30]} Nf6 {[%clk 1:30:30]} 2. c4 {[%clk 1:30:30]} g6 {[%clk
1:30:30]} 3. g3 {[%clk 1:30:30]} Bg7 {[%clk 1:30:30]} 4. Bg2 {[%clk 1:30:30]} O-O
{[%clk 1:30:30]} 5. Nc3 {[%clk 1:30:30]} d6 {[%clk 1:30:30]} 6. d4 {[%clk
1:30:30]} Nc6 {[%clk 1:30:30]} 7. O-O {[%clk 1:30:30]} a6 {[%clk 1:30:30]} 8. h3
{[%clk 1:30:30]} Rb8 {[%clk 1:30:30]} 9. Re1 {[%clk 1:30:30]} b5 {[%clk 1:30:30]}
10. cxb5 {[%clk 1:30:30]} axb5 {[%clk 1:30:30]} 11. d5 {[%clk 1:30:30]} Na5
{[%clk 1:30:30]} 12. Nd4 {[%clk 1:30:30]} b4 {[%clk 1:30:30]} 13. Nb1 {[%clk
1:30:30]} e5 {[%clk 1:30:30]} 14. Nb3 {[%clk 1:30:30]} Nxb3 {[%clk 1:30:30]} 15.
axb3 {[%clk 1:30:30]} Bd7 {[%clk 1:30:30]} 16. Bg5 {[%clk 1:30:30]} Qc8 {[%clk
1:30:30]} 17. Kh2 {[%clk 1:30:30]} h6 {[%clk 1:30:30]} 18. Bxf6 {[%clk 1:30:30]}
Bxf6 {[%clk 1:30:30]} 19. Nd2 {[%clk 1:30:30]} Bg7 {[%clk 1:30:30]} 20. e4 {[%clk
1:30:30]} f5 {[%clk 1:30:30]} 21. Qc2 {[%clk 1:30:30]} Qb7 {[%clk 1:30:30]} 22.
Nc4 {[%clk 1:30:30]} f4 {[%clk 1:30:30]} 23. Nd2 {[%clk 1:30:30]} h5 {[%clk
1:30:30]} 24. Rec1 {[%clk 1:30:30]} Rbc8 {[%clk 1:30:30]} 25. h4 {[%clk 1:30:30]}
Bh6 {[%clk 1:30:30]} 26. Rf1 {[%clk 1:30:30]} Rf7 {[%clk 1:30:30]} 27. Nc4 {[%clk
1:30:30]} Rcf8 {[%clk 1:30:30]} 28. Na5 {[%clk 1:30:30]} Qb6 {[%clk 1:30:30]} 29.
Nc4 {[%clk 1:30:30]} Qb8 {[%clk 1:30:30]} 30. Na5 {[%clk 1:30:30]} Bb5 {[%clk
1:30:30]} 31. Nc4 {[%clk 1:30:30]} Bd7 {[%clk 1:30:30]} 32. Rfe1 {[%clk 1:30:30]}
g5 {[%clk 1:30:30]} 33. hxg5 {[%clk 1:30:30]} Bxg5 {[%clk 1:30:30]} 34. f3 {[%clk
1:30:30]} Rg7 {[%clk 1:30:30]} 35. Rh1 {[%clk 1:30:30]} fxg3+ {[%clk 1:30:30]}
36. Kg1 {[%clk 1:30:30]} h4 {[%clk 1:30:30]} 37. Qe2 {[%clk 1:30:30]} Rgf7 {[%clk
1:30:30]} 38. f4 {[%clk 1:30:30]} Rxf4 {[%clk 1:30:30]} 39. Qh5 {[%clk 1:30:30]}
Qd8 {[%clk 1:30:30]} 40. Qg6+ {[%clk 1:30:30]} Kh8 {[%clk 1:30:30]} 41. Ra8
{[%clk 1:30:30]} Qxa8 {[%clk 1:30:30]} 42. Qh5+ {[%clk 1:30:30]} Kg7 {[%clk
1:30:30]} 43. Qxg5+ {[%clk 1:30:30]} Kf7 {[%clk 1:30:30]} 44. Qh5+ {[%clk
1:30:30]} Ke7 {[%clk 1:30:30]} 45. Qg5+ {[%clk 1:30:30]} Ke8 {[%clk 1:30:30]} 46.
Qh5+ {[%clk 1:30:30]} Kd8 {[%clk 1:30:30]} 47. Ne3 {[%clk 1:30:30]} Qa7 {[%clk
1:30:30]} 48. Qe2 {[%clk 1:30:30]} Bb5 {[%clk 1:30:30]} 0-1

[Event "50+ World Senior Team Championship"]
[Site "chess24.com"]
[Date "2017.04.27"]
[Round "4"]
[White "Maryasin, Boris"]
[Black "Fatalibekova, Elena"]
[Result "1-0"]
[Board "3"]
[WhiteElo "2335"]
[WhiteTitle "IM"]
[WhiteCountry "ISR"]
[WhiteFideId "2801892"]
[WhiteEloChange "8"]
[BlackElo "2254"]
[BlackTitle "WGM"]
[BlackCountry "RUS"]
[BlackFideId "4106792"]
[BlackEloChange "-8"]

1. e4 {[%clk 1:30:30]} c5 {[%clk 1:30:30]} 2. Nc3 {[%clk 1:30:30]} Nc6 {[%clk
1:30:30]} 3. g3 {[%clk 1:30:30]} g6 {[%clk 1:30:30]} 4. Bg2 {[%clk 1:30:30]} Bg7
{[%clk 1:30:30]} 5. d3 {[%clk 1:30:30]} Rb8 {[%clk 1:30:30]} 6. Be3 {[%clk
1:30:30]} d6 {[%clk 1:30:30]} 7. Qd2 {[%clk 1:30:30]} b5 {[%clk 1:30:30]} 8. f4
{[%clk 1:30:30]} b4 {[%clk 1:30:30]} 9. Nd1 {[%clk 1:30:30]} e5 {[%clk 1:30:30]}
10. Nf3 {[%clk 1:30:30]} Nd4 {[%clk 1:30:30]} 11. O-O {[%clk 1:30:30]} Ne7 {[%clk
1:30:30]} 12. Nh4 {[%clk 1:30:30]} exf4 {[%clk 1:30:30]} 13. Bxf4 {[%clk
1:30:30]} O-O {[%clk 1:30:30]} 14. c3 {[%clk 1:30:30]} bxc3 {[%clk 1:30:30]} 15.
bxc3 {[%clk 1:30:30]} Ndc6 {[%clk 1:30:30]} 16. Bh6 {[%clk 1:30:30]} Bxh6 {[%clk
1:30:30]} 17. Qxh6 {[%clk 1:30:30]} Ne5 {[%clk 1:30:30]} 18. Nf2 {[%clk 1:30:30]}
Rb2 {[%clk 1:30:30]} 19. Nf3 {[%clk 1:30:30]} Nxf3+ {[%clk 1:30:30]} 20. Bxf3
{[%clk 1:30:30]} Nc6 {[%clk 1:30:30]} 21. Nd1 {[%clk 1:30:30]} Rb8 {[%clk
1:30:30]} 22. Ne3 {[%clk 1:30:30]} Ne5 {[%clk 1:30:30]} 23. Be2 {[%clk 1:30:30]}
f6 {[%clk 1:30:30]} 24. Rf2 {[%clk 1:30:30]} Be6 {[%clk 1:30:30]} 25. Raf1 {[%clk
1:30:30]} Rb2 {[%clk 1:30:30]} 26. d4 {[%clk 1:30:30]} cxd4 {[%clk 1:30:30]} 27.
cxd4 {[%clk 1:30:30]} Nf7 {[%clk 1:30:30]} 28. Qh4 {[%clk 1:30:30]} Ng5 {[%clk
1:30:30]} 29. Ng4 {[%clk 1:30:30]} Bxg4 {[%clk 1:30:30]} 30. Bc4+ {[%clk
1:30:30]} Kh8 {[%clk 1:30:30]} 31. Rxb2 {[%clk 1:30:30]} Nf3+ {[%clk 1:30:30]}
32. Rxf3 {[%clk 1:30:30]} Bxf3 {[%clk 1:30:30]} 33. Rb7 {[%clk 1:30:30]} Bh5
{[%clk 1:30:30]} 34. Qf4 {[%clk 1:30:30]} g5 {[%clk 1:30:30]} 35. Qf5 {[%clk
1:30:30]} Bg6 {[%clk 1:30:30]} 36. Qd7 {[%clk 1:30:30]} Qxd7 {[%clk 1:30:30]} 37.
Rxd7 {[%clk 1:30:30]} Bxe4 {[%clk 1:30:30]} 38. Rxd6 {[%clk 1:30:30]} Rc8 {[%clk
1:30:30]} 39. Bb3 {[%clk 1:30:30]} f5 {[%clk 1:30:30]} 40. Rd7 {[%clk 1:30:30]}
Rc1+ {[%clk 1:30:30]} 41. Kf2 {[%clk 1:30:30]} Rh1 {[%clk 1:30:30]} 42. d5 {[%clk
1:30:30]} f4 {[%clk 1:30:30]} 43. gxf4 {[%clk 1:30:30]} gxf4 {[%clk 1:30:30]} 44.
d6 {[%clk 1:30:30]} Rxh2+ {[%clk 1:30:30]} 45. Ke1 {[%clk 1:30:30]} f3 {[%clk
1:30:30]} 46. Rf7 {[%clk 1:30:30]} Bc6 {[%clk 1:30:30]} 47. d7 {[%clk 1:30:30]}
f2+ {[%clk 1:30:30]} 48. Rxf2 {[%clk 1:30:30]} Rh1+ {[%clk 1:30:30]} 49. Kd2
{[%clk 1:30:30]} Bxd7 {[%clk 1:30:30]} 50. Rf8+ {[%clk 1:30:30]} Kg7 {[%clk
1:30:30]} 51. Rf7+ {[%clk 1:30:30]} Kg6 {[%clk 1:30:30]} 52. Rxd7 {[%clk
1:30:30]} a5 {[%clk 1:30:30]} 53. Bc2+ {[%clk 1:30:30]} 1-0

[Event "50+ World Senior Team Championship"]
[Site "chess24.com"]
[Date "2017.04.27"]
[Round "4"]
[White "Sazonova, Elena N."]
[Black "Polyakov, Alex"]
[Result "0-1"]
[Board "4"]
[WhiteElo "2119"]
[WhiteTitle "WIM"]
[WhiteCountry "RUS"]
[WhiteFideId "4109767"]
[WhiteEloChange "-7"]
[BlackElo "2223"]
[BlackCountry "ISR"]
[BlackFideId "2807220"]
[BlackEloChange "7"]

1. e4 {[%clk 1:30:58]} b6 {[%clk 1:30:42]} 2. d4 {[%clk 1:31:17]} Bb7 {[%clk
1:31:09]} 3. Bd3 {[%clk 1:31:39]} Nf6 {[%clk 1:31:33]} 4. Qe2 {[%clk 1:31:44]} e6
{[%clk 1:32:01]} 5. Nf3 {[%clk 1:31:48]} d5 {[%clk 1:30:20]} 6. e5 {[%clk
1:31:36]} Nfd7 {[%clk 1:30:46]} 7. O-O {[%clk 1:31:20]} c5 {[%clk 1:30:50]} 8. c3
{[%clk 1:30:26]} h6 {[%clk 1:31:09]} 9. Be3 {[%clk 1:27:37]} Nc6 {[%clk 1:31:27]}
10. a3 {[%clk 1:27:07]} c4 {[%clk 1:25:08]} 11. Bc2 {[%clk 1:26:44]} b5 {[%clk
1:25:34]} 12. Ne1 {[%clk 1:23:36]} g6 {[%clk 1:13:55]} 13. Nd2 {[%clk 1:02:00]}
Nb6 {[%clk 1:02:59]} 14. Ndf3 {[%clk 0:57:59]} a5 {[%clk 1:00:52]} 15. Nd2 {[%clk
0:47:34]} b4 {[%clk 1:00:16]} 16. Nb1 {[%clk 0:47:55]} Be7 {[%clk 0:56:53]} 17.
f4 {[%clk 0:37:06]} Kd7 {[%clk 0:55:58]} 18. Nf3 {[%clk 0:34:41]} Ba6 {[%clk
0:50:50]} 19. g4 {[%clk 0:32:39]} Kc7 {[%clk 0:43:18]} 20. Rf2 {[%clk 0:26:40]}
Qb8 {[%clk 0:39:16]} 21. f5 {[%clk 0:24:04]} b3 {[%clk 0:36:32]} 22. Bd1 {[%clk
0:24:27]} gxf5 {[%clk 0:34:33]} 23. gxf5 {[%clk 0:24:52]} exf5 {[%clk 0:25:37]}
24. Bf4 {[%clk 0:22:06]} Rg8+ {[%clk 0:25:28]} 25. Rg2 {[%clk 0:21:59]} Rxg2+
{[%clk 0:25:53]} 26. Qxg2 {[%clk 0:21:48]} Qg8 {[%clk 0:25:54]} 27. Bxh6 {[%clk
0:21:20]} Qh7 {[%clk 0:25:58]} 28. Qd2 {[%clk 0:19:21]} Rg8+ {[%clk 0:26:01]} 29.
Kh1 {[%clk 0:17:25]} Nd8 {[%clk 0:25:59]} 30. Be3 {[%clk 0:14:46]} Ne6 {[%clk
0:26:14]} 31. Qe2 {[%clk 0:13:08]} f4 {[%clk 0:23:27]} 32. Bg1 {[%clk 0:13:32]}
Bc8 {[%clk 0:22:39]} 33. Nbd2 {[%clk 0:13:16]} Nd8 {[%clk 0:21:38]} 34. Ne1
{[%clk 0:12:14]} Bf5 {[%clk 0:21:07]} 35. Qf1 {[%clk 0:12:00]} Ne6 {[%clk
0:20:15]} 36. Bf3 {[%clk 0:12:03]} Kd7 {[%clk 0:13:04]} 37. Qe2 {[%clk 0:07:04]}
Ng5 {[%clk 0:09:44]} 38. Bg4 {[%clk 0:05:56]} Ne4 {[%clk 0:08:48]} 39. Bxf5+
{[%clk 0:05:20]} Qxf5 {[%clk 0:09:15]} 40. Nef3 {[%clk 0:31:35]} Qh3 {[%clk
0:38:19]} 41. e6+ {[%clk 0:31:35]} Kc7 {[%clk 0:27:11]} 42. Nxe4 {[%clk 0:24:04]}
dxe4 {[%clk 0:27:37]} 43. exf7 {[%clk 0:24:03]} Rg7 {[%clk 0:27:36]} 44. Rf1
{[%clk 0:23:31]} exf3 {[%clk 0:19:44]} 45. Qe5+ {[%clk 0:14:53]} Kd8 {[%clk
0:19:42]} 46. Qxg7 {[%clk 0:14:46]} Qxf1 {[%clk 0:19:58]} 47. f8Q+ {[%clk
0:14:40]} Bxf8 {[%clk 0:20:25]} 48. Qxf8+ {[%clk 0:14:59]} Kd7 {[%clk 0:20:32]}
49. Qg7+ {[%clk 0:14:12]} Kc8 {[%clk 0:20:39]} 50. Qg4+ {[%clk 0:12:38]} Nd7
{[%clk 0:17:04]} 51. h4 {[%clk 0:10:51]} f2 {[%clk 0:17:14]} 52. Qg2 {[%clk
0:10:41]} fxg1Q+ {[%clk 0:16:33]} 53. Qxg1 {[%clk 0:11:06]} Qxg1+ {[%clk
0:15:00]} 54. Kxg1 {[%clk 0:11:30]} Nf6 {[%clk 0:15:19]} 55. Kf2 {[%clk 0:11:48]}
Kd7 {[%clk 0:15:35]} 56. Kf3 {[%clk 0:12:12]} Nd5 {[%clk 0:15:55]} 57. h5 {[%clk
0:12:04]} Ke6 {[%clk 0:16:06]} 58. h6 {[%clk 0:08:14]} Kf7 {[%clk 0:16:15]} 0-1

[Event "50+ World Senior Team Championship"]
[Site "chess24.com"]
[Date "2017.04.27"]
[Round "4"]
[White "Rantanen, Yrjo A."]
[Black "Mannion, Stephen R"]
[Result "1-0"]
[Board "1"]
[WhiteElo "2292"]
[WhiteTitle "GM"]
[WhiteCountry "FIN"]
[WhiteFideId "500038"]
[WhiteEloChange "11"]
[BlackElo "2335"]
[BlackTitle "IM"]
[BlackCountry "SCO"]
[BlackFideId "2400111"]
[BlackEloChange "-11"]

1. e4 {[%clk 1:30:58]} e5 {[%clk 1:30:55]} 2. Nf3 {[%clk 1:31:23]} Nc6 {[%clk
1:31:13]} 3. Bb5 {[%clk 1:31:49]} a6 {[%clk 1:31:36]} 4. Ba4 {[%clk 1:32:11]} Nf6
{[%clk 1:32:00]} 5. O-O {[%clk 1:32:29]} Be7 {[%clk 1:32:24]} 6. Re1 {[%clk
1:32:46]} b5 {[%clk 1:32:46]} 7. Bb3 {[%clk 1:33:14]} d6 {[%clk 1:33:11]} 8. c3
{[%clk 1:33:35]} O-O {[%clk 1:33:31]} 9. h3 {[%clk 1:33:58]} Na5 {[%clk 1:33:50]}
10. Bc2 {[%clk 1:34:21]} c5 {[%clk 1:34:16]} 11. d4 {[%clk 1:34:02]} Nd7 {[%clk
1:33:25]} 12. Nbd2 {[%clk 1:33:14]} exd4 {[%clk 1:31:55]} 13. cxd4 {[%clk
1:33:22]} Nc6 {[%clk 1:32:21]} 14. dxc5 {[%clk 1:29:59]} Nxc5 {[%clk 1:30:18]}
15. Nf1 {[%clk 1:29:40]} Be6 {[%clk 1:06:13]} 16. Ne3 {[%clk 1:26:18]} Bf6 {[%clk
1:06:15]} 17. Nd5 {[%clk 1:25:23]} Bxd5 {[%clk 1:06:02]} 18. exd5 {[%clk
1:25:07]} Ne5 {[%clk 1:06:02]} 19. Nd4 {[%clk 1:20:17]} Re8 {[%clk 0:59:34]} 20.
Rb1 {[%clk 1:15:28]} Qb6 {[%clk 0:46:31]} 21. Nf5 {[%clk 1:09:03]} Nc4 {[%clk
0:32:27]} 22. b3 {[%clk 1:03:39]} Rxe1+ {[%clk 0:32:41]} 23. Qxe1 {[%clk
1:04:03]} Ne5 {[%clk 0:33:05]} 24. Be3 {[%clk 1:01:46]} b4 {[%clk 0:32:40]} 25.
Rc1 {[%clk 0:58:46]} Re8 {[%clk 0:24:52]} 26. Qd2 {[%clk 0:50:43]} g6 {[%clk
0:23:25]} 27. Nd4 {[%clk 0:44:24]} a5 {[%clk 0:22:52]} 28. f4 {[%clk 0:36:38]}
Ned7 {[%clk 0:22:25]} 29. Bf2 {[%clk 0:36:38]} Bg7 {[%clk 0:20:28]} 30. Re1
{[%clk 0:36:01]} Rxe1+ {[%clk 0:19:39]} 31. Qxe1 {[%clk 0:36:25]} Nf6 {[%clk
0:20:03]} 32. Nc6 {[%clk 0:29:40]} Qc7 {[%clk 0:14:52]} 33. Qd1 {[%clk 0:21:57]}
Nfe4 {[%clk 0:13:09]} 34. Bxc5 {[%clk 0:11:19]} Nxc5 {[%clk 0:13:31]} 35. Qe2
{[%clk 0:11:38]} Nd7 {[%clk 0:09:28]} 36. Kh2 {[%clk 0:10:12]} Nf6 {[%clk
0:08:40]} 37. Be4 {[%clk 0:10:32]} Qb6 {[%clk 0:08:31]} 38. Bf3 {[%clk 0:10:52]}
h5 {[%clk 0:07:24]} 39. Qe7 {[%clk 0:10:17]} Qc5 {[%clk 0:06:09]} 40. Ne5 {[%clk
0:40:35]} Kh7 {[%clk 0:33:21]} 41. Nxf7 {[%clk 0:40:31]} Qc3 {[%clk 0:23:01]} 42.
Ng5+ {[%clk 0:36:56]} Kh6 {[%clk 0:23:29]} 43. Ne6 {[%clk 0:36:37]} Ng8 {[%clk
0:23:26]} 44. Qf7 {[%clk 0:36:41]} Kh7 {[%clk 0:17:03]} 45. Nf8+ {[%clk 0:36:48]}
Kh8 {[%clk 0:17:30]} 46. Nxg6+ {[%clk 0:37:06]} Kh7 {[%clk 0:17:59]} 47. Nf8+
{[%clk 0:35:57]} Kh8 {[%clk 0:18:28]} 48. Qxh5+ {[%clk 0:36:05]} Bh6 {[%clk
0:18:28]} 49. Ne6 {[%clk 0:36:11]} Qd2 {[%clk 0:18:06]} 50. Be4 {[%clk 0:36:01]}
Qe3 {[%clk 0:17:08]} 51. Qf5 {[%clk 0:36:16]} Qa7 {[%clk 0:17:23]} 52. Qg6 {[%clk
0:35:42]} Qe7 {[%clk 0:17:29]} 53. g4 {[%clk 0:33:14]} Qh4 {[%clk 0:16:22]} 54.
Qh7# {[%clk 0:33:30]} 1-0

[Event "50+ World Senior Team Championship"]
[Site "chess24.com"]
[Date "2017.04.27"]
[Round "4"]
[White "Jamieson, Peter M"]
[Black "Salonen, Jyrki"]
[Result "1/2-1/2"]
[Board "2"]
[WhiteElo "2219"]
[WhiteTitle "FM"]
[WhiteCountry "SCO"]
[WhiteFideId "2400146"]
[WhiteEloChange "-1"]
[BlackElo "2174"]
[BlackTitle "FM"]
[BlackCountry "FIN"]
[BlackFideId "500445"]
[BlackEloChange "1"]

1. d4 {[%clk 1:30:56]} Nf6 {[%clk 1:30:50]} 2. Nf3 {[%clk 1:31:07]} d6 {[%clk
1:30:38]} 3. Nc3 {[%clk 1:31:12]} Bf5 {[%clk 1:23:11]} 4. Nh4 {[%clk 1:29:17]}
Be4 {[%clk 1:21:41]} 5. Nxe4 {[%clk 1:25:19]} Nxe4 {[%clk 1:22:00]} 6. g3 {[%clk
1:25:15]} g5 {[%clk 1:14:31]} 7. Bg2 {[%clk 1:22:08]} d5 {[%clk 1:09:39]} 8. Bxe4
{[%clk 1:14:38]} gxh4 {[%clk 1:03:44]} 9. Bf3 {[%clk 1:14:13]} e6 {[%clk
1:01:54]} 10. Bf4 {[%clk 1:07:51]} Be7 {[%clk 0:55:52]} 11. e4 {[%clk 1:03:16]}
c6 {[%clk 0:53:51]} 12. Qd2 {[%clk 1:02:18]} Nd7 {[%clk 0:50:32]} 13. O-O-O
{[%clk 0:59:40]} h6 {[%clk 0:42:35]} 14. Rhe1 {[%clk 0:59:20]} Nb6 {[%clk
0:39:51]} 15. Qa5 {[%clk 0:56:09]} Bg5 {[%clk 0:35:21]} 16. Bxg5 {[%clk 0:56:15]}
Qxg5+ {[%clk 0:33:15]} 17. Kb1 {[%clk 0:54:53]} dxe4 {[%clk 0:33:10]} 18. Qxg5
{[%clk 0:54:45]} hxg5 {[%clk 0:33:30]} 19. Bxe4 {[%clk 0:53:38]} O-O-O {[%clk
0:29:52]} 20. c3 {[%clk 0:47:27]} Nd5 {[%clk 0:28:45]} 21. Bxd5 {[%clk 0:45:38]}
Rxd5 {[%clk 0:28:43]} 22. g4 {[%clk 0:40:27]} Rhd8 {[%clk 0:27:41]} 1/2-1/2